[Event "11e Open International de La Fere"]
[Site "La Fere (FRA)"]
[Date "2012.07.11"]
[Round "6.8"]
[White "Forthofer, Robert"]
[Black "Torck, Kathleen"]
[Result "1-0"]
[WhiteElo "2259"]
[BlackElo "1321"]
[PlyCount "36"]
[EventDate "2012.??.??"]

1. e4 d5 2. exd5 Nf6 3. c4 e6 4. d4 exd5 5. Nf3 Bb4+ 6. Nc3 O-O 7. Be2 Re8 8.
O-O Bf5 9. Bg5 Bxc3 10. bxc3 c6 11. Ne5 c5 12. cxd5 h6 13. Bxf6 Qxf6 14. Bb5
Re7 15. Qf3 Bg6 16. Qxf6 gxf6 17. d6 Re6 18. Nxg6 fxg6 1-0

[Event "11e Open International de La Fere"]
[Site "La Fere (FRA)"]
[Date "2012.07.11"]
[Round "6.9"]
[White "Paris, Pierre-Julien"]
[Black "Waquet, Frederic"]
[Result "1/2-1/2"]
[WhiteElo "1592"]
[BlackElo "1966"]
[PlyCount "88"]
[EventDate "2012.??.??"]

1. e4 e6 2. d4 d5 3. Nd2 Nf6 4. e5 Nfd7 5. Bd3 c5 6. c3 b6 7. Ne2 Ba6 8. Nf3 h6
9. O-O Bxd3 10. Qxd3 Nc6 11. Bd2 Be7 12. Rfe1 c4 13. Qc2 b5 14. Ng3 g6 15. h3
Rb8 16. Ne2 Kf8 17. Nf4 Kg7 18. Nh2 Bg5 19. Nf3 Be7 20. Nh2 Bg5 21. Nf3 Bxf4
22. Bxf4 b4 23. Qa4 Qc7 24. Bd2 a5 25. Qd1 bxc3 26. Bxc3 Nb4 27. Re2 Rb7 28.
Ne1 Rhb8 29. a3 Nc6 30. f4 Qb6 31. Nf3 Qb3 32. Qe1 Qa4 33. g4 Ne7 34. Rg2 Kh7
35. Qh4 Ng8 36. f5 Nf8 37. Rf1 Qe8 38. f6 Kh8 39. Rff2 Nh7 40. Bxa5 Qa4 41. Bc3
Qe8 42. Qg3 Qf8 43. h4 Rb3 44. Ne1 Qe8 1/2-1/2

[Event "11e Open International de La Fere"]
[Site "La Fere (FRA)"]
[Date "2012.07.11"]
[Round "6.10"]
[White "Voiculescu-Holvad, Stefan"]
[Black "Van Poucke, Anthony"]
[Result "1/2-1/2"]
[WhiteElo "1390"]
[BlackElo "1611"]
[PlyCount "73"]
[EventDate "2012.??.??"]

1. d4 Nf6 2. c4 c5 3. d5 b5 4. cxb5 a6 5. e3 axb5 6. Nf3 Bb7 7. Nc3 b4 8. Qb3
bxc3 9. Qxb7 Qa5 10. Qc8+ Qd8 11. Qxd8+ Kxd8 12. Bc4 cxb2 13. Bxb2 Ra4 14. Bb3
Ra8 15. O-O d6 16. Bc4 h6 17. Rfb1 Nbd7 18. Bxf6 gxf6 19. Rb7 Kc8 20. Rab1 Bg7
21. Bd3 Rb8 22. Ba6 Rxb7 23. Rxb7 Nb8 24. Ra7+ Nxa6 25. Rxa6 Kb7 26. Ra3 Rc8
27. Nd2 Rb8 28. Rb3+ Kc7 29. Rxb8 Kxb8 30. Kf1 f5 31. Ke2 e6 32. dxe6 fxe6 33.
e4 d5 34. exd5 exd5 35. Nf3 Bf6 36. Ke3 c4 37. g3 1/2-1/2

[Event "11e Open International de La Fere"]
[Site "La Fere (FRA)"]
[Date "2012.07.11"]
[Round "6.11"]
[White "Arnaudov, G. Petar"]
[Black "Roux, Jean-Francois"]
[Result "1-0"]
[WhiteElo "2486"]
[BlackElo "1656"]
[PlyCount "57"]
[EventDate "2012.??.??"]

1. Nf3 Nf6 2. c4 e6 3. g3 Be7 4. Bg2 c6 5. O-O d5 6. d4 O-O 7. Nbd2 Nbd7 8. Qc2
Qc7 9. e4 dxe4 10. Nxe4 Nxe4 11. Qxe4 Nf6 12. Qc2 Rb8 13. Bf4 Bd6 14. Be5 Bxe5
15. dxe5 Ne8 16. Ng5 g6 17. f4 f6 18. exf6 Nxf6 19. Rae1 Re8 20. Qc3 Qg7 21.
Bh3 e5 22. fxe5 Ne4 23. Rxe4 Bxh3 24. Nxh3 Re7 25. c5 Rbe8 26. Rfe1 Qh6 27. Nf2
Re6 28. Ng4 Qg7 29. Nf6+ 1-0

[Event "11e Open International de La Fere"]
[Site "La Fere (FRA)"]
[Date "2012.07.11"]
[Round "6.13"]
[White "Mestdagh, Franck"]
[Black "Pruvost, Alain"]
[Result "1/2-1/2"]
[WhiteElo "1975"]
[BlackElo "1604"]
[PlyCount "108"]
[EventDate "2012.??.??"]

1. e4 c5 2. Nf3 Qa5 3. Nc3 Nc6 4. d4 cxd4 5. Nxd4 Nf6 6. Nb3 Qc7 7. Be3 e6 8.
Nb5 Qb8 9. f3 a6 10. N5d4 Be7 11. Qd2 O-O 12. g4 Bd6 13. O-O-O Nxd4 14. Nxd4
Bc7 15. h4 Ne8 16. h5 f6 17. Bc4 b5 18. Bd3 Bb6 19. Rdg1 Qd6 20. Ne2 Bxe3 21.
Qxe3 e5 22. g5 Qe6 23. Kb1 Bb7 24. Nc3 fxg5 25. Rxg5 Rf4 26. Ne2 Qf6 27. Rg3
Qh6 28. Rg2 Rf6 29. Qxh6 Rxh6 30. Ng3 Nd6 31. c3 Rf6 32. Be2 h6 33. Rhg1 Rf7
34. Nf1 Nxe4 35. Bd1 Ng5 36. Bb3 d5 37. Ne3 Rd7 38. Ng4 Re8 39. Re1 Rde7 40.
Re3 Kh8 41. Rge2 e4 42. f4 Nf7 43. f5 Ne5 44. Rg3 Nxg4 45. Rxg4 Re5 46. f6 gxf6
47. Rg6 Rxh5 48. Rxf6 Kg7 49. Rd6 Re7 50. Kc2 Rg5 51. Kd2 Rg6 52. Rd8 Rg5 53.
Rd6 Rg6 54. Rd8 Rg5 1/2-1/2

[Event "11e Open International de La Fere"]
[Site "La Fere (FRA)"]
[Date "2012.07.11"]
[Round "6.14"]
[White "Chevance, Gerard"]
[Black "Jimenez, Martin"]
[Result "0-1"]
[WhiteElo "1684"]
[BlackElo "1953"]
[PlyCount "72"]
[EventDate "2012.??.??"]

1. d4 d5 2. Nf3 c6 3. e3 Nf6 4. Nbd2 Nbd7 5. Bd3 Qc7 6. c3 e5 7. dxe5 Nxe5 8.
Be2 Bd6 9. h3 h6 10. Nd4 a6 11. Qc2 g6 12. O-O c5 13. N4f3 Bf5 14. Qa4+ Bd7 15.
Qc2 Nxf3+ 16. Nxf3 b5 17. b3 c4 18. Nd4 Ne4 19. bxc4 bxc4 20. a4 Qa5 21. Bd2
Be5 22. Rfb1 Bxd4 23. exd4 Bf5 24. Rb4 Kf8 25. Bf4 Re8 26. Bf3 Qd8 27. Qb2 g5
28. Be5 Rh7 29. Bh5 Bg6 30. Bf3 f6 31. Bh2 Rhe7 32. g4 f5 33. Rb6 Re6 34. Qb4+
Kg8 35. Rb7 f4 36. Kg2 Nd2 0-1

[Event "11e Open International de La Fere"]
[Site "La Fere (FRA)"]
[Date "2012.07.11"]
[Round "6.16"]
[White "Soveaux, Jean"]
[Black "Ternisien, Clement"]
[Result "1/2-1/2"]
[WhiteElo "1834"]
[BlackElo "1580"]
[PlyCount "123"]
[EventDate "2012.??.??"]

1. d4 d5 2. c4 c6 3. Qc2 Nf6 4. Nf3 e6 5. g3 Nbd7 6. Bg2 Bb4+ 7. Bd2 Qa5 8. O-O
Bxd2 9. Nbxd2 O-O 10. e4 dxe4 11. Nxe4 Nxe4 12. Qxe4 Qb6 13. b3 Qc7 14. Rfd1
Rd8 15. Rd2 Nf6 16. Qc2 b6 17. Rad1 Bb7 18. b4 Qd7 19. c5 b5 20. a3 a5 21. Ng5
h6 22. Ne4 Nxe4 23. Qxe4 Qd5 24. Qb1 Qd7 25. h4 a4 26. Qd3 Qe7 27. Qe3 Qf6 28.
Qe5 Rd7 29. f4 Qe7 30. Bh3 Rad8 31. Bg2 Rc7 32. Bf3 Rcd7 33. Qe3 Qf6 34. Kg2 g6
35. Qf2 h5 36. Qe3 Re7 37. Qe5 Qg7 38. Qe3 f6 39. Kf2 f5 40. Qe5 Kf7 41. Rd3
Red7 42. Qe3 Ba8 43. R1d2 Bb7 44. Bd1 Ba6 45. Bc2 Rd5 46. Bb1 R5d7 47. Ba2 Qf6
48. Rd1 Bb7 49. Bb1 Bc8 50. Ba2 Bb7 51. Ke2 Bc8 52. R1d2 Bb7 53. Kd1 Bc8 54.
Kc2 Bb7 55. Kc3 Bc8 56. Re2 Re7 57. Qf2 Red7 58. Re5 Re7 59. Qe3 Rde8 60. Rd2
Bd7 61. Re2 Bc8 62. Re1 1/2-1/2

[Event "11e Open International de La Fere"]
[Site "La Fere (FRA)"]
[Date "2012.07.11"]
[Round "6.17"]
[White "Obert, Julien"]
[Black "Alloui-Cros, Alix"]
[Result "1/2-1/2"]
[WhiteElo "1810"]
[BlackElo "1540"]
[PlyCount "60"]
[EventDate "2012.??.??"]

1. e4 e5 2. Nf3 Nc6 3. Bb5 Nf6 4. O-O Nxe4 5. d4 Be7 6. Re1 Nd6 7. Bxc6 bxc6 8.
dxe5 Nf5 9. Qd3 d6 10. Bf4 O-O 11. Nbd2 Rb8 12. Nb3 c5 13. exd6 cxd6 14. c3 Be6
15. Qe2 Rb6 16. h3 d5 17. Rad1 Qa8 18. Ng5 Rd8 19. Qh5 Bxg5 20. Bxg5 Rc8 21.
Qf3 Rd6 22. g4 Nh6 23. Bxh6 gxh6 24. Qf4 Ra6 25. Qxh6 Qb8 26. Qg5+ Kh8 27. Qf6+
Kg8 28. Qg5+ Kh8 29. Qf6+ Kg8 30. Qg5+ Kh8 1/2-1/2

[Event "11e Open International de La Fere"]
[Site "La Fere (FRA)"]
[Date "2012.07.11"]
[Round "6.18"]
[White "Degraeve, Thomas"]
[Black "Vekemans, Sylvain"]
[Result "1/2-1/2"]
[WhiteElo "1432"]
[BlackElo "1779"]
[PlyCount "118"]
[EventDate "2012.??.??"]

1. d4 Nf6 2. Nf3 g6 3. c4 Bg7 4. Nc3 O-O 5. Bg5 d6 6. e3 c5 7. Be2 cxd4 8. exd4
a6 9. O-O Nc6 10. a3 Bd7 11. Rb1 Na7 12. Qc2 b5 13. c5 dxc5 14. dxc5 Bf5 15.
Qd1 Bxb1 16. Qxb1 Nd5 17. Nxd5 Qxd5 18. b4 Qb7 19. Rd1 Rad8 20. Ne1 Qc7 21. Nc2
Rxd1+ 22. Bxd1 Rd8 23. Bf3 Qe5 24. Bh4 Rd7 25. c6 Rd2 26. Ne3 f5 27. Qc1 Ra2
28. Bd5+ Qxd5 29. Nxd5 Ra1 30. Qxa1 Bxa1 31. Nxe7+ Kf7 32. c7 h6 33. c8=Q Nxc8
34. Nxc8 g5 35. Bg3 f4 36. Bxf4 gxf4 37. Nd6+ Ke6 38. Ne4 Bd4 39. Kf1 Kd5 40.
f3 Bb2 41. Nc5 Bxa3 42. Nxa6 Kc4 43. Ke2 Bxb4 44. Nxb4 Kxb4 45. Kd2 Ka3 46. Kc2
b4 47. Kb1 Kb3 48. g3 Kc4 49. Kb2 Kd4 50. g4 Ke3 51. h4 Kxf3 52. g5 hxg5 53.
hxg5 Ke2 54. g6 f3 55. g7 f2 56. g8=Q f1=Q 57. Qc4+ Kf2 58. Qxb4 Qe2+ 59. Ka3
Qd3+ 1/2-1/2

[Event "11e Open International de La Fere"]
[Site "La Fere (FRA)"]
[Date "2012.07.11"]
[Round "6.19"]
[White "Baillie, Andre"]
[Black "Casier, Fabrice"]
[Result "0-1"]
[WhiteElo "1418"]
[BlackElo "1769"]
[PlyCount "46"]
[EventDate "2012.??.??"]

1. d4 Nf6 2. c4 c5 3. dxc5 Qa5+ 4. Bd2 Qxc5 5. Nf3 Qxc4 6. Nc3 a6 7. g3 Nc6 8.
Bg2 d5 9. e3 Bg4 10. Qe2 Qxe2+ 11. Kxe2 e5 12. h3 Bh5 13. Kf1 Bc5 14. Nh2 Rd8
15. Rc1 Ba7 16. Ne2 O-O 17. Bc3 Rfe8 18. Rg1 Re6 19. g4 Bg6 20. Ng3 Bd3+ 21.
Ke1 d4 22. Bxc6 Rxc6 23. Kd2 dxc3+ 0-1

[Event "11e Open International de La Fere"]
[Site "La Fere (FRA)"]
[Date "2012.07.11"]
[Round "6.20"]
[White "Rech, Thomas"]
[Black "Brugge, Bruno"]
[Result "0-1"]
[WhiteElo "1390"]
[BlackElo "1735"]
[PlyCount "62"]
[EventDate "2012.??.??"]

1. d4 Nf6 2. Nf3 d6 3. Nc3 g6 4. Bg5 Bg7 5. e3 O-O 6. Bd3 c5 7. O-O cxd4 8.
Nxd4 Nc6 9. Nxc6 bxc6 10. Rb1 Rb8 11. b3 Qa5 12. Qe1 Qxg5 13. Ne2 Bg4 14. Ng3
Bc8 15. f4 Qc5 16. Kh1 Qb6 17. e4 Ba6 18. Qe2 Bxd3 19. cxd3 c5 20. f5 Nd7 21.
fxg6 fxg6 22. Qg4 Qd8 23. Qe6+ Kh8 24. Rxf8+ Nxf8 25. Qf7 Qd7 26. Rf1 Qe6 27.
Qf4 Nd7 28. Qe3 Rf8 29. Rb1 Bd4 30. Qe1 Ne5 31. Ne2 Nxd3 0-1

[Event "11e Open International de La Fere"]
[Site "La Fere (FRA)"]
[Date "2012.07.11"]
[Round "6.21"]
[White "Degraeve, Remy"]
[Black "Soriano, Jean-Claude"]
[Result "0-1"]
[WhiteElo "1368"]
[BlackElo "1730"]
[PlyCount "56"]
[EventDate "2012.??.??"]

1. e4 c6 2. d4 d5 3. exd5 cxd5 4. Bb5+ Bd7 5. Bxd7+ Nxd7 6. Nf3 e6 7. O-O Ngf6
8. Nc3 a6 9. Bg5 Be7 10. Ne5 O-O 11. Ne2 Rc8 12. c3 Qc7 13. Ng3 Nxe5 14. dxe5
Qxe5 15. Be3 Qc7 16. f4 Bc5 17. Bxc5 Qxc5+ 18. Kh1 Rfe8 19. Qf3 g6 20. Rac1 Qa5
21. a3 Qb5 22. Rc2 Qb3 23. Rcf2 Re7 24. f5 exf5 25. Nxf5 Ne4 26. Re2 gxf5 27.
Qxf5 Rcc7 28. Rf3 Qd1+ 0-1

[Event "11e Open International de La Fere"]
[Site "La Fere (FRA)"]
[Date "2012.07.11"]
[Round "6.22"]
[White "Fornes, Paul"]
[Black "Nicolas, Christian"]
[Result "1/2-1/2"]
[WhiteElo "1353"]
[BlackElo "1716"]
[PlyCount "85"]
[EventDate "2012.??.??"]

1. d4 Nf6 2. Nf3 g6 3. Bg5 Bg7 4. e3 d6 5. Nbd2 b6 6. Bb5+ Bd7 7. Bd3 O-O 8.
O-O Bc6 9. c3 Nbd7 10. e4 e5 11. d5 Bb7 12. Nb3 a5 13. a4 Qc8 14. Qe2 h6 15.
Bd2 Re8 16. Nh4 Nh5 17. g3 Qd8 18. Qd1 Bf6 19. Ng2 Bg5 20. Be2 Ng7 21. Qc1 Bxd2
22. Qxd2 g5 23. Ne3 Nf6 24. Bf3 Bc8 25. Qe2 h5 26. g4 h4 27. h3 Nh7 28. Nf5 Qf6
29. Nd2 Nf8 30. Rfe1 Ng6 31. Qf1 Nf4 32. c4 Nxf5 33. exf5 Bxf5 34. gxf5 Qxf5
35. Bg4 Qc2 36. Ne4 Kg7 37. Nxg5 f5 38. Ne6+ Kh6 39. Nxc7 Rg8 40. Rac1 Qb3 41.
Re3 Qxb2 42. Rb1 Qd2 43. Rd1 1/2-1/2

[Event "11e Open International de La Fere"]
[Site "La Fere (FRA)"]
[Date "2012.07.11"]
[Round "6.23"]
[White "Durot, Edwige"]
[Black "Torck, Antoine"]
[Result "1-0"]
[WhiteElo "1713"]
[BlackElo "1380"]
[PlyCount "43"]
[EventDate "2012.??.??"]

1. e4 d5 2. exd5 Nf6 3. d4 Nxd5 4. c4 Nf6 5. Nf3 Bg4 6. Be2 e6 7. O-O Nc6 8.
Be3 Qd7 9. Ne5 Bxe2 10. Qxe2 Nxe5 11. dxe5 Ng8 12. Rd1 Qe7 13. Nc3 Rd8 14. Ne4
f6 15. exf6 Nxf6 16. Bc5 Qf7 17. Ng5 Qg8 18. Rxd8+ Kxd8 19. Bxf8 h6 20. Rd1+
Kc8 21. Qxe6+ Kb8 22. Rd8# 1-0

[Event "11e Open International de La Fere"]
[Site "La Fere (FRA)"]
[Date "2012.07.11"]
[Round "6.24"]
[White "Caloone, Claire"]
[Black "Rodrigues, Michel"]
[Result "0-1"]
[WhiteElo "1287"]
[BlackElo "1697"]
[PlyCount "42"]
[EventDate "2012.??.??"]

1. e4 e5 2. Nf3 Nc6 3. Bb5 a6 4. Bxc6 dxc6 5. h3 Bd6 6. Nc3 Be6 7. d3 h6 8. O-O
g5 9. Nh2 h5 10. Re1 Qe7 11. Qf3 O-O-O 12. Qg3 f6 13. Be3 Nh6 14. Rad1 Rdg8 15.
f3 f5 16. Qf2 f4 17. Ba7 g4 18. fxg4 hxg4 19. hxg4 Bxg4 20. Nxg4 Nxg4 21. Qe2
Qh4 0-1

[Event "11e Open International de La Fere"]
[Site "La Fere (FRA)"]
[Date "2012.07.11"]
[Round "6.25"]
[White "Alloui-Cros, Baptiste"]
[Black "Baye, Dylan"]
[Result "1-0"]
[WhiteElo "1695"]
[BlackElo "1280"]
[PlyCount "45"]
[EventDate "2012.??.??"]

1. d4 d5 2. e4 c6 3. Nc3 dxe4 4. Nxe4 Bf5 5. Ng3 Be6 6. Nf3 Nf6 7. Bd3 Bg4 8.
c3 Nbd7 9. O-O g6 10. h3 Bxf3 11. Qxf3 Bg7 12. Re1 O-O 13. Bg5 Re8 14. Re2 e5
15. Ne4 exd4 16. Nxf6+ Bxf6 17. Rxe8+ Qxe8 18. Bxf6 dxc3 19. Bxc3 Qe6 20. Re1
Qxa2 21. Qf4 Qd5 22. Qh6 f6 23. Re7 1-0

[Event "11e Open International de La Fere"]
[Site "La Fere (FRA)"]
[Date "2012.07.11"]
[Round "6.26"]
[White "Galoppa, Antoine"]
[Black "Rouffignac, Marie"]
[Result "0-1"]
[WhiteElo "1190"]
[BlackElo "1689"]
[PlyCount "66"]
[EventDate "2012.??.??"]

1. e4 e5 2. Nf3 Nc6 3. Bc4 Bc5 4. O-O d6 5. h3 Nf6 6. d3 Be6 7. Bxe6 fxe6 8. b3
O-O 9. Bb2 Qe8 10. Ng5 h6 11. Nf3 Qg6 12. Nh4 Qf7 13. Nd2 Nh5 14. Qf3 Qxf3 15.
Ndxf3 g5 16. Ng6 Rf6 17. Ngh4 gxh4 18. Nxh4 Ng3 19. Rfd1 Bxf2+ 20. Kh2 Nxe4 21.
dxe4 Bxh4 22. g3 Rf2+ 23. Kg1 Bxg3 24. Rd3 Bh4 25. Bc1 Kh7 26. Bd2 Rg8+ 27. Kh1
Rgg2 28. Be3 Rh2+ 29. Kg1 Rfg2+ 30. Kf1 Rh1+ 31. Bg1 Nd4 32. Re3 Rf2+ 33. Ke1
Rxg1# 0-1

[Event "11e Open International de La Fere"]
[Site "La Fere (FRA)"]
[Date "2012.07.11"]
[Round "6.27"]
[White "Husson, Cybele"]
[Black "Lepere, Rodrigue"]
[Result "1-0"]
[WhiteElo "1937"]
[BlackElo "1280"]
[PlyCount "43"]
[EventDate "2012.??.??"]

1. e4 d6 2. f4 Nf6 3. Nc3 c6 4. Nf3 Bg4 5. Be2 e6 6. d3 Qa5 7. O-O h6 8. h3
Bxf3 9. Bxf3 Nbd7 10. Kh1 O-O-O 11. Bd2 Qc7 12. b4 d5 13. Rb1 d4 14. Ne2 e5 15.
b5 exf4 16. bxc6 Ne5 17. cxb7+ Kb8 18. Rb5 Rd7 19. Rxe5 Bd6 20. Rf5 Qxb7 21.
Nxd4 Bb4 22. Rb5 1-0

[Event "11e Open International de La Fere"]
[Site "La Fere (FRA)"]
[Date "2012.07.11"]
[Round "6.28"]
[White "Bardoux, Thierry"]
[Black "Marlein, Jacques"]
[Result "1-0"]
[WhiteElo "2157"]
[BlackElo "1620"]
[PlyCount "67"]
[EventDate "2012.??.??"]

1. d4 d5 2. Nf3 e6 3. e3 Nf6 4. Bd3 Be7 5. Nbd2 b6 6. O-O O-O 7. Qe2 c5 8. c3
c4 9. Bc2 b5 10. e4 dxe4 11. Nxe4 Bb7 12. Nfg5 Bxe4 13. Bxe4 Nxe4 14. Qxe4 Bxg5
15. Qxa8 Qc7 16. Qe4 Bxc1 17. Raxc1 Nd7 18. f4 Qb6 19. f5 exf5 20. Qxf5 Qb7 21.
Rfe1 Nf6 22. Re5 a6 23. a3 Qc7 24. Rce1 Qd7 25. Rc5 g6 26. Qe5 Qd8 27. Qc7 Qa8
28. Qc6 Qd8 29. Qxa6 Nd5 30. Qxb5 Nf4 31. Rce5 Qh4 32. Qxc4 Qg4 33. Qf1 Ne6 34.
R1e4 1-0

[Event "11e Open International de La Fere"]
[Site "La Fere (FRA)"]
[Date "2012.07.11"]
[Round "6.29"]
[White "Bracq, Christian"]
[Black "Mataigne, Jean-Michel"]
[Result "0-1"]
[WhiteElo "1640"]
[BlackElo "2008"]
[PlyCount "42"]
[EventDate "2012.??.??"]

1. e4 d6 2. d4 Nf6 3. Nc3 g6 4. f3 c6 5. Be3 Nbd7 6. Bd3 b5 7. Nce2 a6 8. Ng3
Qc7 9. c3 Bg7 10. N1e2 O-O 11. Qd2 Re8 12. O-O e5 13. Rac1 d5 14. Bb1 h5 15. h4
Bb7 16. Kh1 c5 17. dxe5 Nxe5 18. Bf4 Qe7 19. Bxe5 Qxe5 20. f4 Qe7 21. e5 Ng4
0-1

[Event "11e Open International de La Fere"]
[Site "La Fere (FRA)"]
[Date "2012.07.11"]
[Round "6.30"]
[White "Lalot, Hugues"]
[Black "Vandervorst, Marc"]
[Result "1-0"]
[WhiteElo "1612"]
[BlackElo "1833"]
[PlyCount "79"]
[EventDate "2012.??.??"]

1. d4 Nf6 2. c4 d6 3. Nc3 g6 4. e4 Bg7 5. Nf3 O-O 6. Be2 c5 7. d5 Ng4 8. Bd2
Nd7 9. O-O Nge5 10. Ne1 Nb6 11. b3 f5 12. f3 Nf7 13. Nd3 Bd7 14. Qc1 e6 15. Rb1
Bd4+ 16. Be3 e5 17. Bxd4 cxd4 18. Nd1 fxe4 19. fxe4 Qh4 20. N1f2 Qg5 21. Qxg5
Nxg5 22. c5 dxc5 23. Nxc5 Rab8 24. h4 Nf7 25. Ng4 Bxg4 26. Bxg4 Nd6 27. a4
Rxf1+ 28. Rxf1 a5 29. Rf6 Nbc8 30. Re6 b6 31. Nd7 Rb7 32. Rxe5 Rc7 33. Nf6+ Kh8
34. Bxc8 Nxc8 35. Re8+ Kg7 36. e5 Rc2 37. Rg8+ Kf7 38. Rh8 d3 39. Rxh7+ Kf8 40.
e6 1-0

[Event "11e Open International de La Fere"]
[Site "La Fere (FRA)"]
[Date "2012.07.11"]
[Round "6.31"]
[White "Picart, Alban"]
[Black "Dagnicourt, Marie"]
[Result "1-0"]
[WhiteElo "1820"]
[BlackElo "1326"]
[PlyCount "49"]
[EventDate "2012.??.??"]

1. e4 d6 2. Bc4 Nf6 3. d3 g6 4. c3 Bg7 5. Ne2 c6 6. Bb3 O-O 7. O-O b5 8. h3
Nbd7 9. f4 Kh8 10. Ng3 a5 11. f5 a4 12. Bc2 e5 13. Be3 h6 14. fxg6 fxg6 15. Nd2
Kh7 16. Nf3 Nb8 17. d4 exd4 18. cxd4 Be6 19. d5 cxd5 20. exd5 Bxd5 21. Nh4 Bf7
22. Qd3 Bc4 23. Qxg6+ Kg8 24. Nh5 Qe7 25. Nf5 1-0

[Event "11e Open International de La Fere"]
[Site "La Fere (FRA)"]
[Date "2012.07.11"]
[Round "6.32"]
[White "Delias, Gerard"]
[Black "Cazacu, Gabriela"]
[Result "0-1"]
[WhiteElo "1610"]
[BlackElo "1814"]
[PlyCount "88"]
[EventDate "2012.??.??"]

1. c4 Nf6 2. Nc3 c5 3. Nf3 Nc6 4. d4 cxd4 5. Nxd4 g6 6. e4 Bg7 7. Be3 O-O 8.
Be2 d6 9. O-O Nxd4 10. Bxd4 Be6 11. Qd2 a6 12. Rac1 Rc8 13. b3 Qa5 14. Rfd1
Rfd8 15. f3 Bd7 16. Nd5 Qxd2 17. Rxd2 Nxd5 18. Bxg7 Kxg7 19. exd5 b5 20. Rdc2
Bf5 21. Rc3 bxc4 22. Rxc4 Rxc4 23. Rxc4 Rc8 24. Rxc8 Bxc8 25. Kf2 Kf6 26. Ke3
Ke5 27. Bc4 g5 28. g3 h6 29. f4+ gxf4+ 30. gxf4+ Kf5 31. Be2 Bb7 32. Bf3 a5 33.
a3 Ba6 34. b4 axb4 35. axb4 Bc4 36. h3 Bb5 37. Bg4+ Kf6 38. Be2 Bd7 39. Bf1 e5
40. b5 Ke7 41. fxe5 dxe5 42. Ke4 Kd6 43. h4 f5+ 44. Ke3 Kxd5 0-1

[Event "11e Open International de La Fere"]
[Site "La Fere (FRA)"]
[Date "2012.07.11"]
[Round "6.33"]
[White "Sergent, Gaspard"]
[Black "Brobecker, Alain"]
[Result "1/2-1/2"]
[WhiteElo "1530"]
[BlackElo "1793"]
[PlyCount "50"]
[EventDate "2012.??.??"]

1. d4 g6 2. c4 Bg7 3. Nc3 Nf6 4. g3 O-O 5. Bg2 c6 6. e4 d6 7. Nge2 e5 8. O-O
Nbd7 9. Be3 Nb6 10. b3 Bg4 11. f3 Bd7 12. Qc2 a5 13. Rab1 Qc7 14. a4 Rae8 15.
d5 c5 16. Nb5 Bxb5 17. axb5 Nc8 18. f4 Bh6 19. Kh1 Ng4 20. Bd2 Bg7 21. Bh3 h5
22. f5 b6 23. Bg5 f6 24. Bd2 g5 25. Bxg4 hxg4 1/2-1/2

[Event "11e Open International de La Fere"]
[Site "La Fere (FRA)"]
[Date "2012.07.11"]
[Round "6.34"]
[White "Lapersonne, Patrick"]
[Black "Wolfangel, Claude"]
[Result "0-1"]
[WhiteElo "1504"]
[BlackElo "1784"]
[PlyCount "28"]
[EventDate "2012.??.??"]

1. c4 e6 2. Nf3 d5 3. cxd5 exd5 4. Nc3 Nf6 5. e3 c6 6. Be2 Bd6 7. O-O O-O 8. d4
Ne4 9. Re1 f5 10. Bd3 Nd7 11. Qb3 Ndf6 12. Nd2 Bxh2+ 13. Kf1 Ng4 14. f3 Ng3#
0-1

[Event "11e Open International de La Fere"]
[Site "La Fere (FRA)"]
[Date "2012.07.11"]
[Round "6.35"]
[White "Bohr, Frederic"]
[Black "Merbeth, Paul"]
[Result "0-1"]
[WhiteElo "1370"]
[BlackElo "1718"]
[PlyCount "88"]
[EventDate "2012.??.??"]

1. e4 c5 2. c3 d6 3. d4 Nf6 4. Bd3 Nc6 5. Nf3 Bg4 6. Be3 cxd4 7. cxd4 d5 8. e5
Nd7 9. Nc3 e6 10. Be2 f6 11. Bf4 Bxf3 12. Bxf3 fxe5 13. Bxe5 Ndxe5 14. dxe5
Nxe5 15. Qe2 Nxf3+ 16. Qxf3 Qf6 17. Qd3 a6 18. O-O Bc5 19. Rae1 O-O 20. Re2
Rad8 21. Qg3 Bd4 22. h3 Rc8 23. Nd1 e5 24. Qb3 Qc6 25. Ne3 Bxe3 26. Rxe3 Rfe8
27. Rd1 Rcd8 28. Red3 Kf7 29. Rxd5 Rxd5 30. Rxd5 Re6 31. Rxe5 Qc1+ 32. Kh2 Qf4+
33. g3 Qxe5 34. Qxb7+ Kg6 35. a4 Qe2 36. Qg2 Qxb2 37. Qf3 Rf6 38. Qg4+ Kf7 39.
Qh5+ Kg8 40. Qd5+ Rf7 41. Qd8+ Rf8 42. Qd5+ Kh8 43. h4 Qxf2+ 44. Kh3 Qf5+ 0-1

[Event "11e Open International de La Fere"]
[Site "La Fere (FRA)"]
[Date "2012.07.11"]
[Round "6.36"]
[White "Rossetti, Pierre-Yves"]
[Black "Dagnicourt, Francis"]
[Result "0-1"]
[WhiteElo "1360"]
[BlackElo "1668"]
[PlyCount "92"]
[EventDate "2012.??.??"]

1. c4 c6 2. Nc3 Nf6 3. Nf3 d5 4. cxd5 cxd5 5. g3 e6 6. d3 Nc6 7. Bg2 Be7 8. O-O
O-O 9. Bd2 Bd7 10. Qc1 Rc8 11. Qd1 a6 12. Rb1 b5 13. a3 Qb6 14. Be3 d4 15. Nxd4
Nxd4 16. Qd2 Qd6 17. Ne4 Nxe4 18. dxe4 e5 19. Bxd4 Qxd4 20. Qxd4 exd4 21. e5
Rc2 22. Rfe1 a5 23. Be4 Rc5 24. f4 f5 25. exf6 Bxf6 26. Red1 Bc6 27. Bxc6 Rxc6
28. Rd3 Re8 29. Rb3 Rxe2 30. Rxb5 Rcc2 31. h4 h6 32. Rxa5 d3 33. Rd5 d2 34. Kf1
Rc1+ 35. Kxe2 Rxb1 36. Kxd2 Rxb2+ 37. Kc1 Rb3 38. a4 Rxg3 39. a5 Ra3 40. Rc5
Bxh4 41. Kb2 Ra4 42. Kb3 Ra1 43. Rc8+ Kf7 44. Ra8 Be7 45. a6 Kg6 46. Kc4 h5 0-1

[Event "11e Open International de La Fere"]
[Site "La Fere (FRA)"]
[Date "2012.07.11"]
[Round "6.37"]
[White "Caloone, Thomas"]
[Black "Tenot, Fabrice"]
[Result "1-0"]
[WhiteElo "1660"]
[BlackElo "1620"]
[PlyCount "61"]
[EventDate "2012.??.??"]

1. e4 e5 2. d4 exd4 3. c3 Nf6 4. e5 Nd5 5. Nf3 Be7 6. Qxd4 Nb6 7. Bd3 O-O 8.
Qe4 g6 9. Bh6 Re8 10. O-O Nc6 11. Re1 Bf6 12. Qf4 Bg7 13. Bxg7 Kxg7 14. Nbd2
Nd5 15. Qg3 d6 16. exd6 Rxe1+ 17. Rxe1 cxd6 18. Nc4 f5 19. Qxd6 Qxd6 20. Nxd6
a6 21. Bc4 Nde7 22. Nd4 Kf8 23. Be6 Nxd4 24. cxd4 Bxe6 25. Rxe6 Ng8 26. Nxb7
Kf7 27. Rb6 Kg7 28. Nc5 Kh6 29. Rxa6 Rd8 30. Ra3 Rxd4 31. Rh3+ 1-0

[Event "11e Open International de La Fere"]
[Site "La Fere (FRA)"]
[Date "2012.07.11"]
[Round "6.39"]
[White "Godart, Clara"]
[Black "Nal, Patrick"]
[Result "0-1"]
[WhiteElo "1266"]
[BlackElo "1647"]
[PlyCount "50"]
[EventDate "2012.??.??"]

1. d4 d5 2. Nf3 Nf6 3. g3 b6 4. Bg2 Bb7 5. O-O e6 6. Bf4 Bd6 7. Bxd6 Qxd6 8.
Nbd2 Nbd7 9. Rc1 b5 10. Re1 c5 11. b3 c4 12. bxc4 bxc4 13. c3 h6 14. Rb1 Bc6
15. Qc2 O-O 16. Nh4 g5 17. Nhf3 Rab8 18. Nf1 Rxb1 19. Rxb1 Rb8 20. Re1 Qa3 21.
N3d2 Rb2 22. Qd1 Qxc3 23. e4 Qxd4 24. Nf3 Qxf2+ 25. Kh1 Qxg2# 0-1

[Event "11e Open International de La Fere"]
[Site "La Fere (FRA)"]
[Date "2012.07.11"]
[Round "6.40"]
[White "Vekemans, Denis"]
[Black "Brugge, Rodolphe"]
[Result "1-0"]
[WhiteElo "1980"]
[BlackElo "1547"]
[PlyCount "77"]
[EventDate "2012.??.??"]

1. b4 e5 2. Bb2 d6 3. c4 Nf6 4. Nf3 Be7 5. Nc3 O-O 6. Qc2 Be6 7. e3 Nbd7 8. Be2
a6 9. O-O c5 10. b5 Nb6 11. d3 Rb8 12. a4 a5 13. h3 Qd7 14. Ng5 h6 15. Nxe6
Qxe6 16. e4 Qd7 17. f4 exf4 18. Rxf4 Qe6 19. Nd1 Nfd7 20. Bg4 Qg6 21. Bf5 Qh5
22. Qf2 g6 23. Bg4 Qg5 24. Ne3 Ne5 25. Be2 h5 26. h4 Qh6 27. Qg3 Qg7 28. d4
cxd4 29. Nc2 Bf6 30. Raf1 Nbd7 31. Kh1 Rbc8 32. Bxd4 Kh7 33. Ne3 Kg8 34. Nd5
Ng4 35. Nxf6+ Ndxf6 36. Bxg4 hxg4 37. Bxf6 Qh7 38. Rxg4 Rfe8 39. h5 1-0